All Empires of Ireland by Picture - Statistics

General Stats
  • This quiz has been taken 26 times
  • The average score is 4 of 7
Answer Stats
Picture Hint Answer % Correct
1922 – present Republic of Ireland
100%
1801 – 1922 United Kingdom of Great Britain and Ireland
96%
1542 – 1801 Kingdom of Ireland
65%
1707 – 1801 Kingdom of Great Britain
52%
800 – 1014 Viking City-Kingdoms
30%
1169 – 1542 Anglo‑Norman Lordship
26%
Prehistory – 1169 Gaelic Ireland
9%
No matching quizzes found
Score Distribution
Percent of People with Each Score
Percentile by Number Answered
Your Score History
You have not taken this quiz